Применение магнитной и электрической сепараций для доводки коллективных концентратов россыпных месторождений (Запись № 8158098)

Подробности
000 -МАРКЕР
контрольное поле 01589nam0a22002651 4500
001 - ИДЕНТИФИКАТОР ЗАПИСИ
контрольное поле rc\4219003
005 - ИДЕНТИФИКАТОР ВЕРСИИ
контрольное поле 20260407165403.0
021 ## - НОМЕР ГОСУДАРСТВЕННОЙ РЕГИСТРАЦИИ
Код страны Российская Федерация
Номер Рг7153-58
035 ## - ДРУГИЕ СИСТЕМНЫЕ НОМЕРА
Идентификатор записи (NLR Aleph) 008221350
100 ## - ДАННЫЕ ОБЩЕЙ ОБРАБОТКИ
Данные общей обработки 20130416d1958 |||y0rusy50 ca
101 0# - ЯЗЫК РЕСУРСА
Язык текста, звукозаписи и т.д. русский
102 ## - СТРАНА ПУБЛИКАЦИИ ИЛИ ПРОИЗВОДСТВА
Страна публикации Российская Федерация
105 ## - ПОЛЕ КОДИРОВАННЫХ ДАННЫХ: ТЕКСТОВЫЕ МАТЕРИАЛЫ, МОНОГРАФИЧЕСКИЕ
Кодированные данные о монографическом текстовом документе y z |||||
200 1# - ЗАГЛАВИЕ И СВЕДЕНИЯ ОБ ОТВЕТСТВЕННОСТИ
Основное заглавие Применение магнитной и электрической сепараций для доводки коллективных концентратов россыпных месторождений
Сведения, относящиеся к заглавию [Изложение доклада на Совещании по вопросу внедрения новой техники и обмену передовым производ. опытом в области обогащения полезных ископаемых Казахстана]
Первые сведения об ответственности Гос. науч.-техн. ком. Совета Министров Каз. ССР. Центр. ин-т науч.-техн. информации
210 ## - ПУБЛИКАЦИЯ, РАСПРОСТРАНЕНИЕ И ДР.
Место издания, распространения и т.д. Алма-Ата
Имя издателя, распространителя и т. д. Б. и.
Дата издания, распространения и т.д. 1958
215 ## - ФИЗИЧЕСКАЯ ХАРАКТЕРИСТИКА
Специфическое обозначение материала и объем 14 с.
Размеры 29
300 ## - ОБЩИЕ ПРИМЕЧАНИЯ
Текст примечания Литогр.
700 #1 - ИМЯ ЛИЦА - ПЕРВИЧНАЯ ОТВЕТСТВЕННОСТЬ
Начальный элемент ввода Аввакумов
Часть имени, кроме начального элемента ввода М.И.
712 12 - НАИМЕНОВАНИЕ ОРГАНИЗАЦИИ - ВТОРИЧНАЯ ОТВЕТСТВЕННОСТЬ
Начальный элемент ввода Казахское респ. совещание по вопросу внедрения новой техники и обмену передовым производственным опытом в области обогащения полезных ископаемых
Дата проведения временной организации 1958
Место проведения временной организации Алма-Ата
Идентификатор авторитетной/нормативной записи RU\NLR\AUTH\8810104933
Системный номер авторитетной/нормативной записи 710102
801 #0 - ИСТОЧНИК ЗАПИСИ
Страна Российская Федерация
Организация NLR
Правила каталогизации psbo
801 #1 - ИСТОЧНИК ЗАПИСИ
Страна Российская Федерация
Организация ELAR
Источник данных rusmarc
852 ## - МЕСТОНАХОЖДЕНИЕ И ШИФР ХРАНЕНИЯ
Идентификатор организации NLR
Шифр хранения (Call Number) 58-8/1774
942 ## - ДОПОЛНИТЕЛЬНЫЕ ЭЛЕМЕНТЫ ЗАПИСИ (АБИС)
Тип экземпляра АБИС Книга
980 ## - КОЛЛЕКЦИЯ
Название коллекции Национальная библиография
Экземпляры
Тип экземпляра Дата поступления Библиотека постоянного хранения Библиотека текущего хранения Место хранения Шифр хранения Штрих-код Статус экземпляра
Книга 26.10.2013 РНБ (Московский) РНБ (Московский) Русский книжный фонд: издания с 1957 года 58-8/1774 8221350-10